logo

Bir Sreshtho Munshi Abdur Rouf Library
Jhenaidah Cadet College

ছোটদের বিশ্বকোষ / (Record no. 3336)

MARC details
000 -LEADER
fixed length control field 00877nam a2200217 a 4500
001 - CONTROL NUMBER
JCCL Control Number 3336
003 - CONTROL NUMBER IDENTIFIER
JCCL marc code BD-JhCC
005 - DATE AND TIME OF LATEST TRANSACTION
control field 20171112204344.0
008 - FIXED-LENGTH DATA ELEMENTS--GENERAL INFORMATION
fixed length control field 171112s bg a|||| ||a| 000 0 ben d
035 ## - SYSTEM CONTROL NUMBER
system control number (BD-JhCC)3336
040 ## - CATALOGING SOURCE
Original cataloging agency BD-JhCC
Modifying agency BD-JhCC
041 ## - LANGUAGE CODE
Language code of Book ben
082 ## - DEWEY DECIMAL CLASSIFICATION NUMBER
Classification number 032
Author mark and Year CHO
245 ## - TITLE STATEMENT
Title ছোটদের বিশ্বকোষ /
Statement of responsibility, etc অধ্যাপক শ্রীক্ষিতীন্দ্রনাথনারায়ণ ভট্টাচার্য সম্পাদনা
260 ## - PUBLICATION, DISTRIBUTION, ETC. (IMPRINT)
Place of publication, distribution, etc কলিকাতা :
Name of publisher, distributor, etc বুকভিলা প্রকাশনী,
Date of publication, distribution, etc ১২.
300 ## - PHYSICAL DESCRIPTION
Pagination 1268 p. :
Other physical details Ill. ;
Dimensions 24 cm.
650 ## - SUBJECT ADDED ENTRY--TOPICAL TERM
Topical term or geographic name as entry element Children's encyclopedias and dictionaries
700 ## - ADDED ENTRY--PERSONAL NAME
Personal name ভট্টাচার্য , অধ্যাপক শ্রীক্ষিতীন্দ্র নারয়ণ
942 ## - ADDED ENTRY ELEMENTS (KOHA)
Source of classification or shelving scheme Dewey Decimal Classification
Koha item type Books
Holdings
Source of classification or shelving scheme Damaged status Not for loan Home library Current library Shelving location Date of accession Cost, normal purchase price Total Checkouts Full call number Barcode Date last seen Copy number Koha item type volume number
Dewey Decimal Classification   Not For Loan JCC Rouf Library JCC Rouf Library General Stacks 11/12/2017 12.00   032 SUT 5142 11/12/2017 C-1 Books  
Dewey Decimal Classification     JCC Rouf Library JCC Rouf Library General Stacks 11/29/2017 16.00   032 SUT 6550 11/29/2017 C- 2 Books V-1

JCC Library | Contacts | JCC Home

Last Update on 23 September 2017
Copyright @ 2017-2020 JCC Rouf Library
Rouf Library, Jhenidah Cadet College (JCC), Bangladesh